Les Personnages de fiction les plus riches - Statistiques

Statistiques générales
  • Ce quiz a été pris 110 fois
  • Le résultat moyen est 5 sur 20
Statistiques - réponses
Par images Hint Réponse % Correct
65,4 à 900 Milliards Picsou
93%
12.4 à 22.4 Milliards Tony Stark
64%
5.7 à 7 Milliards Forrest Gump
63%
1.3 Milliards Lara Croft
61%
54,1 à 62 Milliards Smaug
46%
51,9 Milliards Gripsou
32%
7 à 9.2 Milliards Bruce Wayne
27%
1.1 Milliards Chuck Bass
21%
2.2 Milliards Tywin Lannister
21%
2.2 Milliards Christian Grey
17%
1.1 à 1.5 Milliards Montgomery Burns
13%
1.2 à 2.6 Milliards Mr. Monopoly
13%
36 à 46 Milliards Carlisle Cullen
11%
5.8 à 9.7 Milliards Richie Rich
6%
13.5 Milliards Artemis Fowl
4%
54,1 Milliards Ra's al Ghul
3%
46 Milliards Carmine Falcone
2%
11.2 Milliards Charles Foster Kane
2%
1.3 Milliards Walden Schmidt
2%
9.5 à 9.8 Milliards Jed Clampett
1%
Aucun quiz correspondant
Distribution des résultats
% des personnes avec chaque résultat
Percentile par nombre de réponses
Votre historique - résultats
Vous n’avez pas pris ce quiz